Historia económica de Europa : el siglo XX /

Tallennettuna:
Bibliografiset tiedot
Päätekijä: Cipolla, Carlo M. (ed.)
Muut tekijät: Menéndez, Iris (traducción) (traducción), Vázquez Rial, Horacio (traducción) (traducción)
Aineistotyyppi: Kirja
Kieli:espanja
Julkaistu: Barcelona, España : Ariel, 1981, c1981
Sarja:(Ariel Historia ; 21, 22)
Aiheet:
Tagit: Lisää tagi
Ei tageja, Lisää ensimmäinen tagi!

MARC

LEADER 00000nam^a2200000^a^4500
001 000001062
005 20250521000000.0
009 20260310083052.538
020 |a 84-344-6533-7 
020 |a 84-344-6534-5 
037 |a Acervo ITESO - Biblioteca 
041 |a ESP 
082 |a 330. 940  |b CIP V. 5 
100 |a Cipolla, Carlo M.  |e (ed.) 
240 1 1 |a [Historia económica de Europa, de Carlo M. Cipolla] 
245 1 0 |a Historia económica de Europa :  |b el siglo XX /  |c Ed. de C.M. Cipolla ; tr. por I. Menéndez, H. Vázquez Rial. 
264 4 |a Barcelona, España :  |b Ariel,  |c 1981, c1981 
300 |a 2 v. (454, 420 p.) 
336 |a texto  |b txt  |2 rdacontenido 
337 |a sin mediación  |b n  |2 rdamedio 
338 |a volumen  |b nc  |2 rdasoporte 
440 1 |a (Ariel Historia ;  |v 21, 22) 
649 |a XX 
650 |a Economía -  |z Europa -  |x Historia -  |y Siglo XX -  |x Tema Principal 
650 |a Economía -  |z Europa -  |x Historia -  |x Tema Principal 
700 |a Menéndez, Iris  |e (traducción) 
700 |a Vázquez Rial, Horacio  |e (traducción) 
910 |a Fondo General 
920 |a Impresos - Libros 
930 |a Colección General 
905 |a 101 
901 |a 0010620100  |b IT1  |c ACC  |i 001062  |u 20250521 
901 |a 0500089380  |b IT1  |c ACC  |u 20250521 
902 |a https://opac.biblio.iteso.mx/vufind/Record/000001062